[Event "BCF-chT4 0304 (4NCL)"]
[Site "West Bromwich "]
[Date "2004.05.31"]
[Round "9.5"]
[White "Hawkins, James Nick"]
[Black "Hayes, Lance"]
[Result "1-0"]
[WhiteElo "2045"]
[BlackElo "1240"]
[PlyCount "65"]
[EventDate "2003.10.??"]
[EventType "team"]
[EventRounds "11"]
[EventCountry "ENG"]
[SourceTitle "EXT 2005"]
[Source "ChessBase"]
[SourceDate "2004.11.15"]
[SourceVersion "1"]
[SourceVersionDate "2004.11.15"]
[SourceQuality "1"]
[WhiteTeam "Mindsports II"]
[BlackTeam "The ADS III"]
[WhiteTeamCountry "ENG"]
[BlackTeamCountry "ENG"]

1. e4 e5 2. Nf3 d6 3. d4 exd4 4. Nxd4 Nf6 5. Nc3 c5 6. Nf3 a6 7. a4 Nc6 8. Be2 Be7 9. 0-0 0-0 10. h3 b6 11. Re1 Bb7 12. Bf4 Qc7 13. Nd5 Nxd5 14. exd5 Ne5 15. c4 Bf6 16. Qc2 Nxf3+ 17. Bxf3 Rad8 18. Re2 Be5 19. Bd2 a5 20. Be4 g6 21. Bh6 Rfe8 22. Rae1 Rb8 23. Kh1 Qe7 24. f4 Bd4 25. Bxg6 Qd7 26. Bxh7+ Kh8 27. Bf5 Rxe2 28. Rxe2 Qd8 29. Qe4 Ba6 30. b3 Qg8 31. Qf3 Re8 32. Qh5 Rxe2 33. Bg5+ 1-0